00507nam a2200157 a 4500008004100000020001500041050001600056100001800072245009800090260003500188300001700223350000900240650002800249650003700277650003500314120416s1978 ||||||||||||||||| || u a057111055X aNA 7328 Pen aPenoyre, John10aHouses in the landscape: a regional study of vernacular building styles in England and Wales  aLondon:bFaber and Faberc1978 a175p. : ill. a0.00 aVERNACULAR ARCHITECTURE aVERNACULAR ARCHITECTURE--ENGLAND aVERNACULAR ARCHITECTURE--WALES